header

Foreign direct investment (Record no. 58134)

MARC details
000 -LEADER
fixed length control field 01095nam a2200289Ia 4500
082 04 - DEWEY DECIMAL CLASSIFICATION NUMBER
Classification number 332.67/314
100 1# - MAIN ENTRY--AUTHOR NAME
Personal name Moosa, Imad A.
245 10 - TITLE STATEMENT
Title Foreign direct investment
260 ## - PUBLICATION, DISTRIBUTION, ETC. (IMPRINT)
Place of publication Basingstoke :
Name of publisher Palgrave,
Year of publication c2002.
300 ## - PHYSICAL DESCRIPTION
Number of Pages xvi, 311 p.
650 #0 - SUBJECT ADDED ENTRY--TOPICAL TERM
Topical Term Investments, Foreign.
Topical Term Finance.
856 40 - ELECTRONIC LOCATION AND ACCESS
Uniform Resource Identifier http://site.ebrary.com/lib/rucke/Doc?id=10038999

No items available.

© 2026 Rongo University
Contact us: librarian | system librarian | Rongo university